| 000 | 01373nam a2200349 4500 | ||
|---|---|---|---|
| 001 | 36799 | ||
| 003 | BD-RjUL | ||
| 005 | 20211209052537.0 | ||
| 008 | 140907m19861984b a|||| ||| 00| 0 ben d | ||
| 020 | _c: Tk. 100.00 (V-1) | ||
| 020 | _c: Tk. 165.00 (V-2) | ||
| 020 | _c: Tk. 160.00 (V-3) | ||
| 035 | _a(BD-RjUL)36901 | ||
| 040 |
_aBD-RjUL _bben _cBD-RjUL |
||
| 041 | _aben | ||
| 082 |
_a362.12 _bHYL 1984-1986 |
||
| 100 |
_aহায়দার, সাঈদ _9112244 |
||
| 245 |
_aলোকসমাজ চিকিৎসাবিজ্ঞান / _cসাঈদ হায়দার |
||
| 260 |
_aঢাকা: _bবাংলা একাডেমী, _c১৯৮৪-১৯৮৬ |
||
| 300 |
_a খণ্ড : _bচিত্র ; _c২৩ সেমি. |
||
| 490 |
_aবা/এ ; _v১৪৮৯ (V-1) |
||
| 490 |
_aবা/এ ; _v১৮১৮ (V-2) |
||
| 490 |
_aবা/এ ; _v১৮৮৬ (V-3) |
||
| 500 | _aনির্ঘন্ট সম্বলিত | ||
| 505 | 0 | _aখণ্ড ১ -- খণ্ড ২ -- খণ্ড ৩ | |
| 650 |
_aকমিউনিটি স্বাস্থ্য সেবা _9112245 |
||
| 650 |
_aCommunity Health Service _9112246 |
||
| 830 |
_aবা/এ ; _v১৪৮৯ (V-1) _9119822 |
||
| 830 |
_aবা/এ ; _v১৮১৮ (V-2) _9119822 |
||
| 830 |
_aবা/এ ; _v১৮৮৬ (V-3) _9119822 |
||
| 942 |
_2ddc _cBK |
||
| 999 |
_c36799 _d36799 |
||